[Event "Karlsruhe Grenke op"]
[Site "Karlsruhe"]
[Date "2024.04.01"]
[Round "8"]
[White "Volkov, Mykyta"]
[Black "Krastev, Alexander"]
[Result "0-1"]
[WhiteElo "2256"]
[BlackElo "2457"]
[PlyCount "44"]
[EventDate "2024.03.28"]
[EventType "swiss"]
[EventRounds "9"]
[EventCountry "GER"]
[SourceTitle "CB14_2024"]
[SourceDate "2024.04.01"]
[SourceVersion "1"]
[SourceVersionDate "2024.04.01"]
[SourceQuality "1"]

1. d4 e6 2. c4 b6 3. a3 Bb7 4. Nc3 Nf6 5. e3 d5 6. cxd5 exd5 7. Bd3 Bd6 8. Nge2 0-0 9. Ng3 Re8 10. b4 c5 11. bxc5 bxc5 12. dxc5 Be5 13. Nge2 Nbd7 14. h3 Nxc5 15. 0-0 Qa5 16. Bb2 Nxd3 17. Qxd3 Ba6 18. Qc2 Rec8 19. Nd4 Bxd4 20. exd4 Bxf1 21. Rxf1 Ne4 22. Rc1 Nxc3 0-1

[Event "Staufer op 34th"]
[Site "Schwaebisch Gmuend"]
[Date "2024.01.06"]
[Round "9"]
[White "Krastev, Alexander"]
[Black "Chassard, Cedric"]
[Result "1/2-1/2"]
[WhiteElo "2470"]
[BlackElo "2253"]
[PlyCount "35"]
[EventDate "2024.01.02"]
[EventType "swiss"]
[EventRounds "9"]
[EventCountry "GER"]
[SourceTitle "CB02_2024"]
[SourceDate "2024.01.10"]
[SourceVersion "1"]
[SourceVersionDate "2024.01.10"]
[SourceQuality "1"]

1. e4 e5 2. Nf3 Nc6 3. Bb5 a6 4. Ba4 Nf6 5. 0-0 b5 6. Bb3 Bc5 7. Nxe5 Nxe5 8. d4 Bxd4 9. Qxd4 d6 10. c3 Bb7 11. f3 0-0 12. Rd1 Qe7 13. Qf2 Rfd8 14. Bg5 h6 15. Bh4 Ng6 16. Bxf6 Qxf6 17. a4 Nf4 18. axb5 1/2-1/2

[Event "Staufer op 34th"]
[Site "Schwaebisch Gmuend"]
[Date "2024.01.05"]
[Round "7"]
[White "Krastev, Alexander"]
[Black "Reitz, Philipp"]
[Result "1-0"]
[WhiteElo "2470"]
[BlackElo "1998"]
[PlyCount "67"]
[EventDate "2024.01.02"]
[EventType "swiss"]
[EventRounds "9"]
[EventCountry "GER"]
[SourceTitle "CB02_2024"]
[SourceDate "2024.01.10"]
[SourceVersion "1"]
[SourceVersionDate "2024.01.10"]
[SourceQuality "1"]

1. e4 d5 2. exd5 Qxd5 3. Nc3 Qd8 4. d4 Nf6 5. Nf3 Bg4 6. h3 Bxf3 7. Qxf3 c6 8. Be3 e6 9. 0-0-0 Bb4 10. Ne4 Nxe4 11. Qxe4 Qd5 12. Qxd5 cxd5 13. Be2 Nd7 14. g4 Bd6 15. h4 Nf6 16. h5 Ne4 17. f3 Ng3 18. Bb5+ Kf8 19. Rhg1 f5 20. f4 Ne4 21. gxf5 exf5 22. Bd7 Nf6 23. Bxf5 Nxh5 24. Be6 Nf6 25. f5 h5 26. Bg5 Ne4 27. Bh4 Bf4+ 28. Kb1 Nd2+ 29. Ka1 Nc4 30. f6 g5 31. Bxg5 Bxg5 32. Rxg5 Ne3 33. Rdg1 Ng4 34. Bxd5 1-0

[Event "Staufer op 34th"]
[Site "Schwaebisch Gmuend"]
[Date "2024.01.02"]
[Round "2"]
[White "Krastev, Alexander"]
[Black "Helmer, Jan"]
[Result "1-0"]
[WhiteElo "2470"]
[BlackElo "2160"]
[PlyCount "87"]
[EventDate "2024.01.02"]
[EventType "swiss"]
[EventRounds "9"]
[EventCountry "GER"]
[SourceTitle "CB02_2024"]
[SourceDate "2024.01.10"]
[SourceVersion "1"]
[SourceVersionDate "2024.01.10"]
[SourceQuality "1"]

1. e4 c5 2. Nf3 Nc6 3. Bb5 Nf6 4. d3 g6 5. Bxc6 dxc6 6. h3 Bg7 7. Nc3 0-0 8. Be3 Nd7 9. Qd2 e5 10. Bh6 Qe7 11. Bxg7 Kxg7 12. Nh2 Rd8 13. 0-0 Nf8 14. f4 exf4 15. Rxf4 Ne6 16. Rf2 Qg5 17. Qxg5 Nxg5 18. h4 Ne6 19. Raf1 Rd7 20. e5 Re7 21. Ne4 Nd8 22. Nd6 Be6 23. Nf3 Bd5 24. h5 b6 25. c4 Bxf3 26. Rxf3 Rxe5 27. h6+ Kxh6 28. Rxf7 Ne6 29. Re7 Re2 30. Rff7 Nd4 31. Rxh7+ Kg5 32. Ne4+ Kg4 33. Reg7 Rxb2 34. Rxg6+ Kf4 35. Rf7+ Nf5 36. g3+ Ke3 37. Rxf5 Kxd3 38. Rg4 a5 39. Rf3+ Kc2 40. Rf2+ Kc1 41. Rf1+ Kc2 42. Rgf4 Kd3 43. R1f3+ Kxc4 44. Nc3# 1-0

[Event "Skopje op"]
[Site "Skopje"]
[Date "2023.12.08"]
[Round "3"]
[White "Krastev, Alexander"]
[Black "Djokic, Mihailo"]
[Result "1-0"]
[WhiteElo "2447"]
[BlackElo "2170"]
[PlyCount "173"]
[EventDate "2023.12.06"]
[EventType "swiss"]
[EventRounds "9"]
[EventCountry "MKD"]
[SourceTitle "CB50_2023"]
[SourceDate "2023.12.13"]
[SourceVersion "1"]
[SourceVersionDate "2023.12.13"]
[SourceQuality "1"]

1. e4 c5 2. Nf3 d6 3. Bb5+ Bd7 4. Bxd7+ Qxd7 5. 0-0 Nf6 6. Qe2 Nc6 7. c3 e6 8. d4 cxd4 9. cxd4 d5 10. e5 Ne4 11. Nbd2 Nxd2 12. Bxd2 Bb4 13. Bf4 0-0 14. h4 f6 15. g3 Qf7 16. exf6 gxf6 17. Rad1 Rfe8 18. Rd3 Qh5 19. Bd2 Bd6 20. Re1 Re7 21. Nh2 Qxe2 22. Rxe2 h5 23. Kg2 Kf7 24. Kh3 Rg8 25. Nf1 Rd7 26. Ne3 Bc7 27. f4 f5 28. Ng2 Kf6 29. Ne1 Nd8 30. Nf3 Bd6 31. Ng5 Re8 32. a3 Rc7 33. Rde3 Ree7 34. Ba5 b6 35. Bc3 Rc4 36. Kg2 Re8 37. Kf2 Rc7 38. Ke1 Rce7 39. Kd2 Nf7 40. Kd3 Nd8 41. Re1 Rc7 42. R3e2 Rc6 43. Bd2 Re7 44. Bc3 Re8 45. Re3 Re7 46. Bd2 Re8 47. b3 Re7 48. a4 a5 49. R1e2 Bb4 50. Nf3 Bxd2 51. Kxd2 Rec7 52. Ng5 Rc1 53. Rd3 R7c2+ 54. Ke3 Rxe2+ 55. Kxe2 Nc6 56. Kd2 Rg1 57. Kc3 Nb4 58. Rd2 Rxg3+ 59. Kb2 Nd3+ 60. Ka3 Re3 61. Rc2 Ke7 62. Rc7+ Kd8 63. Rc3 Kd7 64. Nf7 Nb4 65. Ne5+ Kd6 66. Nf7+ Ke7 67. Rc7+ Kf8 68. Kb2 Nd3+ 69. Kc2 Nxf4 70. Ne5 Ne2 71. Kd2 Re4 72. Rc8+ Ke7 73. Rc7+ Kd8 74. Rh7 Rxd4+ 75. Ke1 Re4 76. Nf7+ Kc7 77. Ng5+ Kc6 78. Nxe4 Nf4 79. Ng3 Ng2+ 80. Kf2 Nxh4 81. Rxh5 Ng6 82. Rh6 Nf4 83. Kf3 Nd3 84. Rxe6+ Kc5 85. Nxf5 Nc1 86. Re3 d4 87. Re5+ 1-0

[Event "World-chT Rapid"]
[Site "Dusseldorf"]
[Date "2023.08.28"]
[Round "12"]
[White "Moussard, Jules"]
[Black "Krastev, Alexander"]
[Result "0-1"]
[WhiteElo "2661"]
[BlackElo "2411"]
[PlyCount "100"]
[EventDate "2023.08.26"]
[EventType "team-swiss (rapid)"]
[EventRounds "12"]
[EventCountry "GER"]
[SourceTitle "CBM 215 Extra"]
[Source "ChessBase"]
[SourceDate "2023.09.30"]
[SourceVersion "1"]
[SourceVersionDate "2023.09.30"]
[SourceQuality "1"]
[WhiteTeam "Chessbrah OFM"]
[BlackTeam "Hemer"]
[WhiteTeamCountry "NOR"]
[BlackTeamCountry "GER"]

1. e4 c5 2. Nf3 e6 3. g3 Nc6 4. Bg2 Nf6 5. d3 d5 6. Qe2 Be7 7. a4 b6 8. 0-0 Ba6 9. e5 Nd7 10. Re1 0-0 11. Na3 Rc8 12. Bf4 Nd4 13. Nxd4 cxd4 14. Nb5 Bxb5 15. axb5 Qc7 16. Bxd5 g5 17. Bxg5 Bxg5 18. Bc6 Bh6 19. f4 Bg7 20. Qh5 f6 21. exf6 Rxf6 22. Re2 Nf8 23. Rae1 Qd6 24. Qf3 a5 25. b3 Kh8 26. Qe4 Ng6 27. Qf3 Rcf8 28. Qh5 Ne7 29. Be4 Rh6 30. Qg4 Nf5 31. Bxf5 Rxf5 32. Re4 Rg6 33. Qf3 h6 34. Kg2 Rxb5 35. R1e2 Rc5 36. g4 Qc6 37. Kh3 Rxc2 38. Rxc2 Qxc2 39. f5 exf5 40. gxf5 Rf6 41. Rxd4 Qxb3 42. Rd8+ Kh7 43. Rd7 Qb5 44. Rd5 Qe8 45. Kg4 a4 46. d4 a3 47. Re5 Qa4 48. Kh5 a2 49. Qg4 Qd7 50. h4 Qf7+ 0-1

[Event "World-chT Rapid"]
[Site "Dusseldorf"]
[Date "2023.08.27"]
[Round "8.7"]
[White "Orlov, Andrey"]
[Black "Krastev, Alexander"]
[Result "1-0"]
[WhiteElo "2503"]
[BlackElo "2411"]
[PlyCount "171"]
[EventDate "2023.08.26"]
[EventType "team-swiss (rapid)"]
[EventRounds "12"]
[EventCountry "GER"]
[SourceTitle "CBM 215 Extra"]
[Source "ChessBase"]
[SourceDate "2023.09.30"]
[SourceVersion "1"]
[SourceVersionDate "2023.09.30"]
[SourceQuality "1"]
[WhiteTeam "Duesseldorf"]
[BlackTeam "Hemer"]
[WhiteTeamCountry "GER"]
[BlackTeamCountry "GER"]

1. e4 c5 2. Nc3 Nc6 3. g3 e6 4. Bg2 Nf6 5. Nge2 Be7 6. 0-0 0-0 7. d3 d5 8. exd5 exd5 9. Bg5 d4 10. Bxf6 Bxf6 11. Ne4 Be7 12. Nf4 Re8 13. Re1 Bf8 14. a3 Ne5 15. h3 Bd7 16. Nd2 Rb8 17. Nc4 Ng6 18. Nxg6 hxg6 19. Ne5 Be6 20. a4 Bd6 21. Nc4 Bc7 22. a5 Qf6 23. Qf3 Qxf3 24. Bxf3 Kf8 25. h4 f6 26. b3 Re7 27. Reb1 b5 28. axb6 axb6 29. b4 b5 30. Na5 Bxa5 31. Rxa5 Rc7 32. Ra6 Bf7 33. Rc6 Rbc8 34. Rb6 cxb4 35. Rxb5 Rxc2 36. R1xb4 Rd8 37. Rb8 Rxb8 38. Rxb8+ Ke7 39. Rb7+ Kf8 40. Rb4 Rd2 41. Rxd4 Be6 42. Be4 Kf7 43. Bd5 Bxd5 44. Rxd5 Ke6 45. Rd8 Rd1+ 46. Kg2 Ke7 47. Rd4 Ke6 48. Kf3 Ra1 49. Rb4 Ra7 50. Ke4 Kf7 51. d4 Ra2 52. Rb7+ Kf8 53. f3 Re2+ 54. Kf4 Re1 55. Rd7 Kg8 56. d5 Re5 57. g4 g5+ 58. hxg5 Rxg5 59. Ke4 Kf8 60. d6 Ke8 61. Re7+ Kd8 62. Kf4 Kc8 63. Ke3 Kd8 64. Ke4 Kc8 65. f4 Rxg4 66. Kf5 Rg1 67. Ke6 Re1+ 68. Kf7 Rd1 69. Kxg7 Rxd6 70. f5 Kd8 71. Re1 Ra6 72. Kf7 Ra2 73. Kxf6 Rf2 74. Kg6 Rg2+ 75. Kf7 Rd2 76. f6 Kd7 77. Kg7 Rg2+ 78. Kf8 Kd6 79. f7 Kd7 80. Rd1+ Kc6 81. Rd4 Kc5 82. Rd8 Kc6 83. Ke7 Re2+ 84. Kf6 Rf2+ 85. Kg6 Rg2+ 86. Kh5 1-0

[Event "EU-chT U18"]
[Site "Iasi"]
[Date "2023.07.25"]
[Round "2.1"]
[White "Magold, Filip"]
[Black "Krastev, Alexander"]
[Result "0-1"]
[WhiteElo "2388"]
[BlackElo "2411"]
[PlyCount "98"]
[EventDate "2023.07.24"]
[EventType "team-swiss"]
[EventRounds "7"]
[EventCountry "ROU"]
[SourceTitle "CBM 215 Extra"]
[Source "ChessBase"]
[SourceDate "2023.09.30"]
[SourceVersion "1"]
[SourceVersionDate "2023.09.30"]
[SourceQuality "1"]
[WhiteTeam "Romania U18"]
[BlackTeam "Germany U18"]
[WhiteTeamCountry "ROU"]
[BlackTeamCountry "GER"]

1. e4 c5 2. Nf3 Nc6 3. d4 cxd4 4. Nxd4 Nf6 5. Nc3 d6 6. Bg5 e6 7. Qd2 a6 8. 0-0-0 Bd7 9. f3 Nxd4 10. Qxd4 Be7 11. h4 Qc7 12. Kb1 b5 13. Qd2 0-0 14. g4 b4 15. Ne2 Rfc8 16. Nd4 e5 17. Nf5 Bxf5 18. gxf5 d5 19. Bd3 dxe4 20. fxe4 Qb6 21. h5 Rd8 22. Qg2 Kh8 23. Rhg1 Rg8 24. Bc4 h6 25. Bc1 Raf8 26. Qe2 Bc5 27. Rge1 a5 28. Qf3 a4 29. Rd2 Bd4 30. Rg2 Qc7 31. b3 Rd8 32. Bd2 Qb7 33. Rge2 Rd6 34. bxa4 Bc3 35. Bxc3 bxc3+ 36. Bb3 Qb4 37. Re3 Rd4 38. Rxc3 Nxe4 39. Rxe4 Rxe4 40. Kb2 Qd4 41. f6 Rf4 42. fxg7+ Kxg7 43. Qc6 Rd8 44. a5 Rd6 45. Qb7 e4 46. a6 Rf3 47. a7 Qxc3+ 48. Ka3 Qa5+ 49. Kb2 Ra6 0-1

[Event "EU-chT U18"]
[Site "Iasi"]
[Date "2023.07.24"]
[Round "1.1"]
[White "Krastev, Alexander"]
[Black "Serban, Cristian Stefan"]
[Result "1-0"]
[WhiteElo "2411"]
[BlackElo "2214"]
[PlyCount "49"]
[EventDate "2023.07.24"]
[EventType "team-swiss"]
[EventRounds "7"]
[EventCountry "ROU"]
[SourceTitle "CBM 215 Extra"]
[Source "ChessBase"]
[SourceDate "2023.09.30"]
[SourceVersion "1"]
[SourceVersionDate "2023.09.30"]
[SourceQuality "1"]
[WhiteTeam "Germany U18"]
[BlackTeam "Romania Friends U18"]
[WhiteTeamCountry "GER"]
[BlackTeamCountry "ROU"]

1. e4 c6 2. d4 d5 3. e5 Bf5 4. h4 h5 5. Bd3 Bxd3 6. Qxd3 Qa5+ 7. b4 Qb5 8. Qxb5 cxb5 9. Nc3 Nc6 10. Nxb5 Nxb4 11. Nc7+ Kd7 12. Nxa8 Nxc2+ 13. Kd1 Nxa1 14. Rh3 Kc8 15. Rc3+ Kb8 16. e6 b6 17. Bf4+ Kb7 18. Rc7+ Ka6 19. Rc8 Nf6 20. exf7 Nd7 21. Rd8 g5 22. hxg5 Bg7 23. Nc7+ Kb7 24. Rxd7 Kc6 25. Rxd5 1-0

[Event "Sitges Sunway op 9th"]
[Site "Sitges"]
[Date "2022.12.19"]
[Round "7"]
[White "Dahale, Atul"]
[Black "Krastev, Alexander"]
[Result "1-0"]
[WhiteElo "2222"]
[BlackElo "2416"]
[PlyCount "83"]
[EventDate "2022.12.12"]
[EventType "swiss"]
[EventRounds "10"]
[EventCountry "ESP"]
[SourceTitle "CBM 211 Extra"]
[Source "ChessBase"]
[SourceDate "2023.01.31"]
[SourceVersion "1"]
[SourceVersionDate "2023.01.31"]
[SourceQuality "1"]

1. e4 c5 2. b3 Nc6 3. Bb2 d6 4. f4 Nf6 5. Nc3 e6 6. Nf3 d5 7. e5 Nd7 8. g3 a6 9. Bg2 Be7 10. 0-0 0-0 11. Qe2 Nb4 12. d4 cxd4 13. Nxd4 Bc5 14. Nd1 Qb6 15. c3 Nc6 16. Qd2 a5 17. Nf2 a4 18. b4 a3 19. bxc5 Qxb2 20. Qe3 Na5 21. Rfb1 Nc4 22. Qe1 Qd2 23. Qxd2 Nxd2 24. Rb5 Ra4 25. Rd1 Nc4 26. Nd3 Nb8 27. Rb4 Rxb4 28. cxb4 Nc6 29. Nb5 Nb2 30. Rd2 Nc4 31. Rc2 Bd7 32. Nd6 Nd4 33. Rf2 Bb5 34. Nxb7 Rb8 35. Nd6 Nxd6 36. exd6 Bxd3 37. Rd2 Ne2+ 38. Kf2 Nc1 39. c6 Bb5 40. c7 Rc8 41. Bf1 Bd7 42. b5 1-0

[Event "Titled Tuesday intern op 13th Dec Late"]
[Site "Chess.com INT"]
[Date "2022.12.13"]
[Round "4"]
[White "Krastev, Alexander"]
[Black "Guerb, Leonid"]
[Result "1-0"]
[WhiteElo "2416"]
[BlackElo "2295"]
[PlyCount "61"]
[EventDate "2022.12.13"]
[EventType "swiss (blitz)"]
[EventRounds "11"]
[EventCountry "USA"]
[SourceTitle "EXT 2024"]
[Source "ChessBase"]
[SourceDate "2023.10.10"]
[SourceVersion "1"]
[SourceVersionDate "2023.10.10"]
[SourceQuality "1"]

1. e4 c6 2. Nf3 d5 3. d3 g6 4. Nbd2 Bg7 5. e5 c5 6. c3 Nc6 7. d4 Bg4 8. h3 Bxf3 9. Nxf3 cxd4 10. cxd4 Qa5+ 11. Bd2 Qb6 12. Bc3 e6 13. Bd3 Nge7 14. 0-0 Nf5 15. g4 Nfe7 16. b4 h5 17. Qa4 hxg4 18. hxg4 0-0 19. b5 Nxe5 20. dxe5 Rfc8 21. Ba5 Qc5 22. Bb4 Qc7 23. Rac1 Qxc1 24. Rxc1 Rxc1+ 25. Kg2 Bf8 26. Qa3 Rc7 27. b6 Rd7 28. bxa7 b6 29. Qc1 Rdxa7 30. a3 Rc8 31. Qg5 1-0

[Event "Heusenstamm Schloss op"]
[Site "Heusenstamm"]
[Date "2022.11.20"]
[Round "6"]
[White "Poysti, Nathanael Nicolai"]
[Black "Krastev, Alexander"]
[Result "1/2-1/2"]
[WhiteElo "2087"]
[BlackElo "2422"]
[PlyCount "84"]
[EventDate "2022.11.17"]
[EventType "swiss"]
[EventRounds "7"]
[EventCountry "GER"]
[SourceTitle "CBM 211 Extra"]
[Source "ChessBase"]
[SourceDate "2023.01.31"]
[SourceVersion "1"]
[SourceVersionDate "2023.01.31"]
[SourceQuality "1"]

1. e4 c5 2. c4 Nc6 3. Nc3 g6 4. g3 Bg7 5. Bg2 e6 6. Nge2 Nge7 7. 0-0 0-0 8. d3 d6 9. Rb1 b6 10. Be3 Bb7 11. d4 a6 12. b3 cxd4 13. Nxd4 Qc7 14. Rc1 Nxd4 15. Bxd4 Rab8 16. Bxg7 Kxg7 17. Qd4+ f6 18. Rfd1 Rfd8 19. h4 Nc6 20. Qe3 Ne5 21. Bh3 Qe7 22. f4 Nd7 23. Rd2 a5 24. Rcd1 Nc5 25. Bg2 Rd7 26. e5 dxe5 27. fxe5 Rxd2 28. Rxd2 Bxg2 29. exf6+ Qxf6 30. Kxg2 Rf8 31. Qd4 e5 32. Qe3 Qf1+ 33. Kh2 Qf5 34. Re2 e4 35. Nxe4 Nxe4 36. Qxe4 Qxe4 37. Rxe4 Rf2+ 38. Kh3 Rxa2 39. Re6 a4 40. Rxb6 axb3 41. Rxb3 Rc2 42. Rb4 h5 1/2-1/2